000
00261nam a22001097a 4500
082
_a
530 TUN'E
100
_a
ENERCON
_9
79498
245
_a
TUNING OF BIOLERS AND FURNACES FOR HIGH EFFICIENCY
260
_a
ISLAMABAD
_b
ENERCON
_c
1988
300
_a
18P
942
_c
BK
999
_c
584537
_d
584537